00750 a2200217 4500010001400000020001000014035001300024037001800037082000800055090001500063100001800078245009700096260004400193270006100237300002500298710002500323710001800348942002500366999001500391952012600406 aENG-85480 c60.00 aEN-69013 bD.B.Act / Pub14a882 c2795d27951 aAnna, Aringar1 aThe cuckoo clubcby Aringar Anna compiled and edited by M. S. Venkatachalam and M. Natarajan aChennaic2005bTamil Arasi Publications a189, T. T. K. Road, AlwarpetbChennaie600 018k52077009 a114 p.c22 cm (Pbk.)1 aVenkatachalam, M. S.1 aNatarajan, M. adplcENk158.1 / SHA c2742d2742 00102ddc40718NFICaDBADbDBADeDBAD/PUBg60.00l0o882pEN-69013r2008-09-15 00:00:00t1u2932v60.00w2008-09-15yEN